[Event "27.Schlosspark-Open"]
[Site "Wiesbaden-Biebrich"]
[Date "2015.08.30"]
[Round "6.1"]
[White "Khenkin, Igor"]
[Black "Kollars, Dmitrij"]
[Result "1/2-1/2"]
[WhiteElo "2596"]
[BlackElo "2437"]
[PlyCount "103"]
[EventDate "2015.??.??"]
[WhiteTeam "SG Porz"]
[BlackTeam "Delmenhorster SK"]

1. d4 d5 2. c4 c6 3. Nf3 Nf6 4. g3 Bg4 5. Bg2 e6 6. Qb3 Qb6 7. Nc3 Nbd7 8. O-O
Be7 9. Re1 O-O 10. c5 Qxb3 11. axb3 Rfe8 12. b4 a6 13. h3 Bf5 14. Bf4 h6 15. g4
Bc2 16. Nd2 Rac8 17. Rec1 Bg6 18. Nb3 Bd8 19. Na5 Bc7 20. Bd6 Bxd6 21. cxd6 b6
22. Nb3 Nb8 23. Na4 Nfd7 24. f4 Rcd8 25. Kf2 Be4 26. Bf1 g5 27. e3 f5 28. Nd2
Rf8 29. Kg3 Rf7 30. Be2 Kh7 31. Rf1 Kg7 32. Nf3 Bxf3 33. Bxf3 Kh7 34. Be2 Rdf8
35. Bd3 Kh8 36. Rf2 Rg7 37. Raf1 gxf4+ 38. Rxf4 h5 39. Kh2 hxg4 40. hxg4 Rfg8
41. Be2 Rh7+ 42. Kg2 Rg6 43. Kf2 fxg4 44. Bxg4 Nf6 45. Bxe6 Ne4+ 46. Ke1 Rxe6
47. Rf8+ Kg7 48. R1f7+ Kg6 49. Rxh7 Kxh7 50. Rxb8 Nxd6 51. Rxb6 Rxe3+ 52. Kf2
1/2-1/2

[Event "27.Schlosspark-Open"]
[Site "Wiesbaden-Biebrich"]
[Date "2015.08.30"]
[Round "6.2"]
[White "Carlstedt, Jonathan"]
[Black "Ikonnikov, Vyacheslav"]
[Result "1/2-1/2"]
[WhiteElo "2463"]
[BlackElo "2519"]
[PlyCount "53"]
[EventDate "2015.??.??"]
[WhiteTeam "Hamburger SK"]
[BlackTeam "SF Bad Mergentheim"]

1. c4 e5 2. g3 Nc6 3. Bg2 g6 4. Nc3 Bg7 5. d3 Nf6 6. e4 Nd4 7. Nge2 Nxe2 8.
Qxe2 d6 9. O-O O-O 10. f4 exf4 11. Bxf4 Ng4 12. h3 Ne5 13. Be3 Be6 14. Nd5 c5
15. Rf2 Nc6 16. Raf1 Bxd5 17. cxd5 Nd4 18. Qd2 f5 19. h4 Be5 20. Bf4 Bxf4 21.
Rxf4 Qe7 22. Kh2 Rae8 23. Qf2 Qg7 24. Re1 Qe7 25. Rf1 Qg7 26. Re1 Qe7 27. Rf1
1/2-1/2

[Event "27.Schlosspark-Open"]
[Site "Wiesbaden-Biebrich"]
[Date "2015.08.30"]
[Round "6.3"]
[White "Levin, Felix"]
[Black "Poetsch, Hagen"]
[Result "1/2-1/2"]
[WhiteElo "2503"]
[BlackElo "2498"]
[PlyCount "25"]
[EventDate "2015.??.??"]
[WhiteTeam "SV Mülheim-Nord"]
[BlackTeam "SF Schöneck"]

1. d4 Nf6 2. c4 e6 3. Nc3 d5 4. cxd5 Nxd5 5. e4 Nxc3 6. bxc3 c5 7. Nf3 cxd4 8.
cxd4 Bb4+ 9. Bd2 Bxd2+ 10. Qxd2 O-O 11. Bc4 Nd7 12. O-O b6 13. Rad1 1/2-1/2

[Event "27.Schlosspark-Open"]
[Site "Wiesbaden-Biebrich"]
[Date "2015.08.30"]
[Round "6.4"]
[White "Geske, Julian"]
[Black "Muckle, Julius"]
[Result "1-0"]
[WhiteElo "2398"]
[BlackElo "2101"]
[PlyCount "64"]
[EventDate "2015.??.??"]
[WhiteTeam "Wiesbadener SV"]
[BlackTeam "SK Ludwigshafen"]

1. e4 e6 2. d4 d5 3. Nd2 Nf6 4. e5 Nfd7 5. c3 c5 6. Bd3 Nc6 7. Ne2 a6 8. O-O b5
9. f4 g6 10. Nf3 Qb6 11. Be3 Be7 12. Kh1 a5 13. a3 Ba6 14. dxc5 Bxc5 15. Bxc5
Nxc5 16. b4 Nxd3 17. Qxd3 O-O 18. Nfd4 Rfc8 19. Nb3 a4 20. Nbd4 Rc7 21. Rf3
Rac8 22. Qd2 Nxd4 23. Nxd4 Rc4 24. Re1 Bb7 25. Rh3 h5 26. f5 exf5 27. e6 Qd8
28. Qh6 R4c7 29. exf7+ Rxf7 30. Qxg6+ Rg7 31. Qe6+ Rf7 32. Rg3+ Kh8 1-0

[Event "27.Schlosspark-Open"]
[Site "Wiesbaden-Biebrich"]
[Date "2015.08.30"]
[Round "6.5"]
[White "Malek, Daniel"]
[Black "Ress, Tamas"]
[Result "1-0"]
[WhiteElo "2398"]
[BlackElo "2280"]
[PlyCount "121"]
[EventDate "2015.??.??"]
[WhiteTeam "Wiesbadener SV"]
[BlackTeam "Wiesbadener SV"]

1. d4 d5 2. c4 c6 3. Nf3 e6 4. e3 f5 5. Bd3 Bd6 6. O-O Nd7 7. b3 Qe7 8. Bb2
Ngf6 9. Qc1 O-O 10. Ba3 Ne4 11. Bxd6 Qxd6 12. Qb2 Ndf6 13. Ne5 Nd7 14. f3 Nxe5
15. dxe5 Qc5 16. Qd4 Qxd4 17. exd4 Ng5 18. Nc3 Bd7 19. b4 Rfd8 20. c5 b5 21. a4
a6 22. Rfb1 Nf7 23. Rb3 Rdc8 24. Rba3 Rab8 25. axb5 axb5 26. Ra7 Be8 27. Ne2
Nd8 28. h4 Rb7 29. Nf4 Rcc7 30. Ra8 Rd7 31. Kf2 Kf7 32. Ke3 g6 33. g4 Ke7 34.
Nh3 Nf7 35. gxf5 gxf5 36. Bxf5 exf5 37. e6 Kxe6 38. Rxe8+ Re7 39. Rxe7+ Rxe7
40. Kf4 Kf6 41. Ng5 Nd8 42. Ra8 Re8 43. Ra7 Kg6 44. h5+ Kxh5 45. Rxh7+ Kg6 46.
Rd7 Kf6 47. Rd6+ Ke7 48. Rh6 Rg8 49. Rh7+ Kf6 50. Rd7 Re8 51. Rd6+ Ke7 52. Kxf5
Rf8+ 53. Ke5 Rh8 54. Rg6 Rh1 55. Rg7+ Kf8 56. Rh7 Rg1 57. f4 Re1+ 58. Kd6 Kg8
59. Rd7 Re8 60. f5 Rf8 61. Kc7 1-0

[Event "27.Schlosspark-Open"]
[Site "Wiesbaden-Biebrich"]
[Date "2015.08.30"]
[Round "6.6"]
[White "Nasshan, Dennis"]
[Black "Harff, Marcel"]
[Result "1/2-1/2"]
[WhiteElo "2259"]
[BlackElo "2313"]
[PlyCount "48"]
[EventDate "2015.??.??"]
[WhiteTeam "SV Worms"]
[BlackTeam "SG Hochneukirch"]

1. c4 e5 2. g3 Nf6 3. Bg2 d5 4. cxd5 Nxd5 5. Nc3 Nb6 6. Nf3 Nc6 7. d3 Be7 8.
O-O O-O 9. a3 Be6 10. b4 f6 11. Bb2 Qd7 12. Ne4 a5 13. Nc5 Bxc5 14. bxc5 Nd5
15. e4 Nde7 16. d4 exd4 17. Nxd4 Nxd4 18. Qxd4 Qxd4 19. Bxd4 Nc6 20. Bc3 Rfd8
21. Rab1 Rab8 22. e5 Rd3 23. Rfc1 Nxe5 24. Bxa5 b6 1/2-1/2

[Event "27.Schlosspark-Open"]
[Site "Wiesbaden-Biebrich"]
[Date "2015.08.30"]
[Round "6.8"]
[White "Boidman, Yuri"]
[Black "Kregelin, Jan"]
[Result "1-0"]
[WhiteElo "2337"]
[BlackElo "2093"]
[PlyCount "47"]
[EventDate "2015.??.??"]
[WhiteTeam "SC Heimbach-Weis"]
[BlackTeam "FVS ASP Hoyerswerda"]

1. d4 d5 2. c4 e6 3. e3 Nf6 4. Nf3 Bd6 5. Nc3 c6 6. Bd3 Nbd7 7. e4 dxe4 8. Nxe4
Nxe4 9. Bxe4 Nf6 10. Bc2 Bb4+ 11. Bd2 Qa5 12. O-O Bxd2 13. Nxd2 O-O 14. c5 b5
15. Ne4 Nxe4 16. Bxe4 Qc7 17. Qh5 f5 18. Bf3 Bd7 19. Rfe1 Rae8 20. Re5 Qa5 21.
Re2 Qa4 22. Qg5 Rd8 23. Qe3 a6 24. a3 1-0

[Event "27.Schlosspark-Open"]
[Site "Wiesbaden-Biebrich"]
[Date "2015.08.30"]
[Round "6.9"]
[White "Haag, Martin"]
[Black "Bader, Dominic"]
[Result "1-0"]
[WhiteElo "2316"]
[BlackElo "2100"]
[PlyCount "83"]
[EventDate "2015.??.??"]
[WhiteTeam "SC Bonn Beuel"]
[BlackTeam "SG Büchenbach/Roth"]

1. c4 c5 2. g3 g6 3. Bg2 Bg7 4. Nc3 Nc6 5. Nf3 d6 6. O-O Nh6 7. d4 cxd4 8. Bxh6
Bxh6 9. Nxd4 Bd7 10. c5 dxc5 11. Nxc6 Bxc6 12. Bxc6+ bxc6 13. Qc2 Qa5 14. Na4
O-O 15. Nxc5 Rad8 16. Nd3 Rd6 17. b4 Qf5 18. a4 Rfd8 19. Qc4 Qh5 20. Ra2 Rb8
21. Rc2 Qh3 22. Qe4 Re6 23. Qd4 Qh5 24. Qxa7 Rd8 25. Qc7 Rdd6 26. Qc8+ Kg7 27.
Nc5 Rf6 28. Ne4 Qd5 29. Nxf6 Rxf6 30. Qg4 Qb3 31. Qc4 Qxa4 32. Ra2 Qb5 33. Qxb5
cxb5 34. Rd1 Rb6 35. Rd7 Bg5 36. Rd5 Bf6 37. Ra5 Rc6 38. Raxb5 Rc1+ 39. Kg2 Rc2
40. Kf3 Rb2 41. Rb7 Rb3+ 42. Rd3 1-0

[Event "27.Schlosspark-Open"]
[Site "Wiesbaden-Biebrich"]
[Date "2015.08.30"]
[Round "6.10"]
[White "Kersten, Uwe"]
[Black "Kreiling, Carsten"]
[Result "1-0"]
[WhiteElo "2300"]
[BlackElo "2072"]
[PlyCount "67"]
[EventDate "2015.??.??"]
[WhiteTeam "Kasseler SK"]
[BlackTeam "SVG Eppstein"]

1. Nf3 c5 2. c4 Nc6 3. d4 cxd4 4. Nxd4 g6 5. e4 Bg7 6. Be3 Nf6 7. Nc3 Ng4 8.
Qxg4 Nxd4 9. Qd1 e5 10. Nb5 O-O 11. Qd2 Nxb5 12. cxb5 d5 13. exd5 Bf5 14. Bc4
e4 15. O-O Be5 16. Bf4 Qd6 17. Bxe5 Qxe5 18. Rfe1 Rfe8 19. Rac1 Rad8 20. Qc3 h5
21. Qxe5 Rxe5 22. Bb3 Kf8 23. Rc7 Rd7 24. Rc8+ Kg7 25. Rc3 Kf6 26. Rce3 Ree7
27. h4 Ke5 28. f3 Rc7 29. Kf2 Rc5 30. g4 hxg4 31. fxg4 Rxb5 32. gxf5 gxf5 33.
Rd1 f4 34. Rxe4+ 1-0

[Event "27.Schlosspark-Open"]
[Site "Wiesbaden-Biebrich"]
[Date "2015.08.30"]
[Round "6.11"]
[White "Müller, Philipp"]
[Black "Bingert, Tim Niklas"]
[Result "1/2-1/2"]
[WhiteElo "2095"]
[BlackElo "2253"]
[PlyCount "51"]
[EventDate "2015.??.??"]
[WhiteTeam "SC Neckarsulm"]
[BlackTeam "SV Hofheim"]

1. e4 e5 2. Nf3 Nc6 3. Bb5 Nf6 4. O-O Nxe4 5. d4 Nd6 6. Bxc6 dxc6 7. dxe5 Nf5
8. Qxd8+ Kxd8 9. h3 h5 10. Nc3 Ke8 11. Re1 Be7 12. Ne4 Be6 13. Bg5 Rd8 14. c3
b6 15. g4 hxg4 16. hxg4 Nh4 17. Bxh4 Bxg4 18. Nf6+ gxf6 19. exf6 Bxf3 20. Rxe7+
Kf8 21. Re3 Rxh4 22. Rxf3 Rd2 23. Kg2 Rh6 24. Re1 Rg6+ 25. Kf1 Rd6 26. Rfe3
1/2-1/2

[Event "27.Schlosspark-Open"]
[Site "Wiesbaden-Biebrich"]
[Date "2015.08.30"]
[Round "6.12"]
[White "Hermannsdörfer, Frank"]
[Black "Fucik, Timo"]
[Result "1/2-1/2"]
[WhiteElo "2193"]
[BlackElo "2033"]
[PlyCount "85"]
[EventDate "2015.??.??"]
[WhiteTeam "SV Liebschwitz"]
[BlackTeam "SK Ettlingen"]

1. b3 d5 2. Bb2 c5 3. e3 Nc6 4. Bb5 Bd7 5. Nf3 Nf6 6. O-O g6 7. Bxc6 Bxc6 8.
Ne5 Rc8 9. d3 Bg7 10. Nd2 O-O 11. Qe2 Qc7 12. Nxc6 Qxc6 13. Nf3 Rfd8 14. Rfe1
b5 15. Rad1 c4 16. dxc4 bxc4 17. Bd4 Ne4 18. Bxg7 Kxg7 19. Ra1 Qf6 20. Nd2 Nc3
21. Qf3 Qxf3 22. gxf3 e6 23. Nb1 cxb3 24. cxb3 Nb5 25. a4 Nd6 26. b4 d4 27. Na3
d3 28. Red1 Rc3 29. Ra2 Kf6 30. b5 Nf5 31. Kg2 d2 32. Kf1 Rc1 33. Ke2 Rxd1 34.
Kxd1 Nh4 35. Rxd2 Rxd2+ 36. Kxd2 Nxf3+ 37. Ke2 Ne5 38. f4 Nd7 39. Nc4 Ke7 40.
a5 f6 41. a6 Nc5 42. e4 Kd7 43. Ke3 1/2-1/2

[Event "27.Schlosspark-Open"]
[Site "Wiesbaden-Biebrich"]
[Date "2015.08.30"]
[Round "6.13"]
[White "Nagel, Bernhard"]
[Black "Zeyer, Oliver"]
[Result "1-0"]
[WhiteElo "2192"]
[BlackElo "2001"]
[PlyCount "71"]
[EventDate "2015.??.??"]
[WhiteTeam "Wiesbadener SV"]
[BlackTeam "SF HN-Biberach"]

1. d4 Nf6 2. c4 g6 3. g3 Bg7 4. Bg2 O-O 5. Nf3 d6 6. O-O Nbd7 7. Nc3 e5 8. e4
exd4 9. Nxd4 Re8 10. Re1 a6 11. a4 Ne5 12. Qe2 c5 13. Nc2 Bg4 14. f3 Be6 15. b3
Nc6 16. Bd2 Nd4 17. Nxd4 cxd4 18. Na2 Nd7 19. Rab1 b5 20. cxb5 axb5 21. a5 Nc5
22. Nc1 b4 23. Bxb4 Rb8 24. Qd2 Rb7 25. Ba3 Qb8 26. b4 Na4 27. Ne2 Rc8 28. Rbc1
Nc3 29. Bf1 d5 30. exd5 Nxd5 31. Rxc8+ Bxc8 32. Nxd4 Bxd4+ 33. Qxd4 Be6 34. a6
Rb6 35. b5 Nc7 36. Bb2 1-0

[Event "27.Schlosspark-Open"]
[Site "Wiesbaden-Biebrich"]
[Date "2015.08.30"]
[Round "6.14"]
[White "Leidorf, Sebastian"]
[Black "Chandler, Patrick"]
[Result "0-1"]
[WhiteElo "2069"]
[BlackElo "2172"]
[PlyCount "148"]
[EventDate "2015.??.??"]
[WhiteTeam "SV Bergwinkel"]
[BlackTeam "SC Gelnhausen"]

1. c4 e5 2. g3 Nc6 3. Bg2 g6 4. Nc3 Bg7 5. d3 Nge7 6. e4 d6 7. Nge2 Be6 8. O-O
Qd7 9. Nd5 Ng8 10. Rb1 Nce7 11. d4 c6 12. Nxe7 Qxe7 13. d5 Bd7 14. dxc6 bxc6
15. Qd3 Be6 16. b3 Qc7 17. Ba3 Rd8 18. Rbd1 c5 19. Rd2 Ne7 20. f4 Nc6 21. f5
Bc8 22. Nc3 Qa5 23. Bc1 g5 24. Rdf2 f6 25. Bxg5 fxg5 26. f6 Bf8 27. Qf3 g4 28.
f7+ Kd7 29. Qxg4+ Kc7 30. Nd5+ Kb8 31. Qh4 h5 32. Bf3 Be6 33. Bxh5 Bxd5 34.
cxd5 Nd4 35. g4 Kc7 36. Qg3 Qb5 37. Qe3 c4 38. bxc4 Qc5 39. Rb1 Bh6 40. g5 Bg7
41. Bg4 Ne6 42. Qxc5+ Nxc5 43. Bf5 Rdf8 44. Bg6 Rh4 45. Rfb2 Rf4 46. h3 Rh4 47.
Kg2 Rfh8 48. Bf5 R4h5 49. g6 Rg5+ 50. Kh2 Bh6 51. Rg2 Rxg2+ 52. Kxg2 Nd3 53. a4
Nf4+ 54. Kh2 Rb8 55. Rxb8 Kxb8 56. Kg3 Kb7 57. Kg4 Kc7 58. a5 Kd8 59. h4 Ke7
60. h5 Kf6 61. Bd7 Nd3 62. Bc8 Nc5 63. Kf3 Kg5 64. Bf5 Kxh5 65. Ke2 Kg5 66. Kf3
Kf6 67. Kg4 Bf8 68. Kh5 Kg7 69. Kg4 Be7 70. Kh5 Nb3 71. a6 Nc5 72. Kg4 Nxa6 73.
Bc8 Nc5 74. Kf5 Bd8 0-1

[Event "27.Schlosspark-Open"]
[Site "Wiesbaden-Biebrich"]
[Date "2015.08.30"]
[Round "6.15"]
[White "Koch, Markus"]
[Black "Kolker, Vladislav"]
[Result "1-0"]
[WhiteElo "2170"]
[BlackElo "2021"]
[PlyCount "79"]
[EventDate "2015.??.??"]
[WhiteTeam "SC Brett vorm Kopp"]
[BlackTeam "SC Bad Nauheim"]

1. d4 Nf6 2. c4 g6 3. f3 Bg7 4. e4 d6 5. Nc3 O-O 6. Be3 Nc6 7. Nge2 a6 8. Qd2
Rb8 9. Rc1 Bd7 10. Nd1 e5 11. d5 Nd4 12. Nxd4 exd4 13. Bxd4 c5 14. Be3 b5 15.
b3 Re8 16. Nf2 b4 17. Be2 h5 18. O-O Nh7 19. Rfe1 Qc7 20. Bf1 Re7 21. Nd3 Qb6
22. Qf2 Rbe8 23. Kh1 a5 24. Qg3 Rd8 25. Bf4 Be8 26. e5 dxe5 27. Bxe5 f6 28. Bf4
Rxe1 29. Rxe1 h4 30. Qf2 Bf8 31. Be3 Rc8 32. Nxc5 Rxc5 33. Bxc5 Bxc5 34. Rxe8+
Kf7 35. Qe2 Nf8 36. Rc8 Bd6 37. Rc6 Qb8 38. c5 Bxh2 39. d6 Be5 40. f4 1-0

[Event "27.Schlosspark-Open"]
[Site "Wiesbaden-Biebrich"]
[Date "2015.08.30"]
[Round "6.16"]
[White "Köllner, Christof"]
[Black "Minor, Samuel"]
[Result "1/2-1/2"]
[WhiteElo "2021"]
[BlackElo "2160"]
[PlyCount "36"]
[EventDate "2015.??.??"]
[WhiteTeam "SV Bergneustadt/Derschlag"]
[BlackTeam "Wiesbadener SV"]

1. d4 f5 2. Nc3 d5 3. Bf4 Nf6 4. Nf3 e6 5. a3 a6 6. e3 c5 7. Ne5 Nc6 8. dxc5
Bxc5 9. Be2 O-O 10. O-O Bd6 11. Nxc6 bxc6 12. Bxd6 Qxd6 13. Na4 Rb8 14. c4 f4
15. Rc1 fxe3 16. fxe3 Bd7 17. c5 Qe5 18. Qd4 Qg5 1/2-1/2

[Event "27.Schlosspark-Open"]
[Site "Wiesbaden-Biebrich"]
[Date "2015.08.30"]
[Round "6.17"]
[White "Pioch, Thomas"]
[Black "Schmitt, Carsten"]
[Result "1/2-1/2"]
[WhiteElo "2157"]
[BlackElo "1988"]
[PlyCount "33"]
[EventDate "2015.??.??"]
[WhiteTeam "SF Mainz"]
[BlackTeam "SV Bergwinkel"]

1. Nf3 d5 2. g3 Nf6 3. Bg2 e6 4. O-O c5 5. d3 Nc6 6. Nbd2 Be7 7. e4 O-O 8. Re1
Qc7 9. c3 b5 10. Nf1 dxe4 11. dxe4 Rd8 12. Qc2 c4 13. Bf4 Qb6 14. e5 Nd5 15.
Ng5 Bxg5 16. Bxg5 Rd7 17. Qe2 1/2-1/2

[Event "27.Schlosspark-Open"]
[Site "Wiesbaden-Biebrich"]
[Date "2015.08.30"]
[Round "6.18"]
[White "Köllner, Ruben Gideon"]
[Black "Nuding, Matthias"]
[Result "0-1"]
[WhiteElo "1790"]
[BlackElo "2126"]
[PlyCount "68"]
[EventDate "2015.??.??"]
[WhiteTeam "SV Bergneustadt/Derschlag"]
[BlackTeam "SC Noris-Tarrasch Nürnberg"]

1. d4 e6 2. Nf3 c5 3. e3 Nf6 4. Bd3 d5 5. c3 Nc6 6. Nbd2 Bd6 7. O-O O-O 8. dxc5
Bxc5 9. e4 Qc7 10. Qe2 b6 11. e5 Ng4 12. Bxh7+ Kxh7 13. Ng5+ Kg8 14. Qxg4 Qxe5
15. Ndf3 Qf6 16. Qh5 Qh6 17. Qg4 e5 18. Qa4 Qf6 19. b4 Be7 20. Rd1 Rd8 21. Qb5
e4 22. Nd4 Nxd4 23. Rxd4 Bb7 24. Nh3 Qf5 25. Bb2 Bf6 26. Rdd1 Rac8 27. Rac1 Rc4
28. Rc2 Rdc8 29. Rdc1 Qg4 30. a4 d4 31. a5 d3 32. Rd2 Bxc3 33. Bxc3 Rxc3 34.
Rxc3 Rxc3 0-1

[Event "27.Schlosspark-Open"]
[Site "Wiesbaden-Biebrich"]
[Date "2015.08.30"]
[Round "6.19"]
[White "Pfeffer, Marko"]
[Black "Ungurean, Florin"]
[Result "0-1"]
[WhiteElo "2124"]
[BlackElo "1966"]
[PlyCount "74"]
[EventDate "2015.??.??"]
[WhiteTeam "SC Bergen-Enkheim"]
[BlackTeam "SK Geisenheim"]

1. e4 c5 2. b3 d5 3. exd5 Qxd5 4. Nc3 Qd8 5. Bb5+ Bd7 6. Qe2 a6 7. Bxd7+ Nxd7
8. Bb2 Ngf6 9. g4 h6 10. h4 Qc7 11. Rh3 O-O-O 12. O-O-O e6 13. g5 Nd5 14. Nxd5
exd5 15. Rf3 hxg5 16. hxg5 Nb6 17. Nh3 d4 18. Qe4 g6 19. Re1 Bd6 20. Ba3 Qd7
21. Qd3 Nd5 22. Qc4 Qc6 23. Ng1 b5 24. Qf1 Nf4 25. Bb2 Rh1 26. Rg3 Re8 27. Kd1
Rxe1+ 28. Kxe1 Qe4+ 29. Kd1 Nh5 30. Rg2 Nf4 31. f3 Qe6 32. Rg4 Nh3 33. Rg2 Bh2
34. Rxh2 Rxh2 35. Ne2 Nf2+ 36. Kc1 Rh1 37. Ng1 Nh3 0-1

[Event "27.Schlosspark-Open"]
[Site "Wiesbaden-Biebrich"]
[Date "2015.08.30"]
[Round "6.20"]
[White "Carow, Annelen"]
[Black "Stork, Oliver"]
[Result "1-0"]
[WhiteElo "2114"]
[BlackElo "1934"]
[PlyCount "245"]
[EventDate "2015.??.??"]
[WhiteTeam "SF Heidesheim"]
[BlackTeam "SV Oberursel"]

1. d4 d5 2. c4 e6 3. Nf3 Nf6 4. Bg5 Be7 5. cxd5 exd5 6. Qc2 O-O 7. Nc3 c6 8. e3
Nbd7 9. Bd3 Re8 10. h3 Nf8 11. Bf4 Be6 12. O-O Bd6 13. Bxd6 Qxd6 14. Rab1 N8d7
15. Rfc1 Rac8 16. a4 g6 17. a5 c5 18. Nb5 Qb8 19. dxc5 Rxc5 20. Qd1 Rec8 21.
Rxc5 Nxc5 22. Nbd4 Nfe4 23. Bf1 Qc7 24. Qe1 Bd7 25. Rc1 Qd8 26. Ne5 Ne6 27.
Rxc8 Bxc8 28. Nef3 Qc7 29. Nb5 Qb8 30. Qc1 a6 31. Nbd4 Qc7 32. Qxc7 Nxc7 33.
Bd3 Nc5 34. Bc2 Bd7 35. Kf1 f6 36. Ke1 Kf7 37. Nd2 Ke7 38. f3 Kd6 39. b4 N5e6
40. N2b3 Ba4 41. Bd3 Nxd4 42. Nxd4 Ne6 43. Nxe6 Kxe6 44. Kd2 Ke5 45. f4+ Kd6
46. Kc3 Bd7 47. h4 f5 48. Kd4 Bb5 49. Bc2 Bf1 50. g3 Bc4 51. h5 Ba2 52. hxg6
hxg6 53. Ba4 Bc4 54. Be8 Bf1 55. Bxg6 Bh3 56. Be8 Bf1 57. Ba4 Be2 58. Bc2 Bg4
59. Bd3 Bh3 60. Be2 Bg2 61. Bh5 Be4 62. Bf7 Bf3 63. Bg6 Bg4 64. Be8 Bd1 65. Kc3
Ke7 66. Bg6 Bg4 67. Kd4 Kd6 68. Bh7 Bh3 69. Bg8 Bg2 70. Bf7 Bf3 71. Be8 Bd1 72.
b5 axb5 73. Bxb5 Bh5 74. Bd3 Bg4 75. a6 bxa6 76. Bxa6 Bh5 77. Bd3 Ke6 78. Kc5
Bf3 79. Bc2 Bg2 80. Bd3 Bf3 81. Ba6 Be4 82. Bb7 Bf3 83. Bc8+ Kf6 84. Kd6 Bg2
85. Bb7 Be4 86. Bxd5 Bb1 87. Bc4 Be4 88. Be2 Bb1 89. Bf3 Bc2 90. Kd5 Bb3+ 91.
Kd4 Be6 92. Bd5 Bd7 93. Bf3 Be6 94. e4 fxe4 95. Kxe4 Bf5+ 96. Kd5 Be6+ 97. Ke4
Bf5+ 98. Ke3 Bb1 99. g4 Bc2 100. Be2 Bh7 101. g5+ Ke6 102. Bg4+ Kd5 103. Bc8
Bc2 104. Kf3 Bd1+ 105. Kg3 Kd6 106. Bf5 Be2 107. Bc2 Ke6 108. Bb3+ Kf5 109. Bd5
Bd1 110. Bf3 Bb3 111. Bg4+ Kg6 112. Kh4 Bc2 113. f5+ Kg7 114. Kg3 Bd3 115. Kf4
Bc2 116. Bh5 Bb3 117. Ke5 Bc4 118. Bf3 Bb3 119. Be4 Bf7 120. f6+ Kf8 121. g6
Bg8 122. g7+ Ke8 123. Bg6+ 1-0

[Event "27.Schlosspark-Open"]
[Site "Wiesbaden-Biebrich"]
[Date "2015.08.30"]
[Round "6.21"]
[White "Reinecke, Katharina"]
[Black "Pienski, Olaf"]
[Result "0-1"]
[WhiteElo "1765"]
[BlackElo "2105"]
[PlyCount "72"]
[EventDate "2015.??.??"]
[WhiteTeam "SK Langen"]
[BlackTeam "SF Leherheide"]

1. d4 e6 2. c4 Nf6 3. Nf3 Bb4+ 4. Bd2 Qe7 5. g3 Nc6 6. Nc3 O-O 7. Bg2 d6 8. d5
exd5 9. cxd5 Ne5 10. Nxe5 Qxe5 11. O-O Qh5 12. e3 Bg4 13. Qb3 Ba5 14. Ne4 Nxe4
15. Bxa5 Ng5 16. f4 Nf3+ 17. Bxf3 Bxf3 18. Bxc7 Rac8 19. Bxd6 Bxd5 20. Qd1 Qf5
21. Qa4 Bc6 22. Qd4 Rfd8 23. Qe5 Qh3 24. Rf2 Re8 25. Qd4 Rcd8 26. Qc5 Qe6 27.
Rd1 Qe4 28. Rfd2 Qh1+ 29. Kf2 Qxh2+ 30. Kf1 Qh1+ 31. Kf2 Qf3+ 32. Kg1 Qh1+ 33.
Kf2 Qg2+ 34. Ke1 Qxg3+ 35. Rf2 Rxe3+ 36. Kf1 Qh3+ 0-1

[Event "27.Schlosspark-Open"]
[Site "Wiesbaden-Biebrich"]
[Date "2015.08.30"]
[Round "6.22"]
[White "Mütsch, Annmarie"]
[Black "Haas, Frank-Martin"]
[Result "0-1"]
[WhiteElo "1914"]
[BlackElo "2151"]
[PlyCount "80"]
[EventDate "2015.??.??"]
[WhiteTeam "SC Eppingen"]
[BlackTeam "SV Walldorf"]

1. e4 e6 2. d4 d5 3. Nd2 Nf6 4. e5 Nfd7 5. Bd3 c5 6. c3 Nc6 7. Ne2 cxd4 8. cxd4
f6 9. Nf4 Nxd4 10. Qh5+ Ke7 11. exf6+ Nxf6 12. Ng6+ hxg6 13. Qxh8 Kf7 14. O-O
e5 15. Nb3 Nxb3 16. axb3 Qb6 17. Bg5 Bf5 18. Bxf5 gxf5 19. Qh3 Qe6 20. Rac1 Bd6
21. Rfd1 Ne4 22. Be3 f4 23. Qxe6+ Kxe6 24. f3 fxe3 25. fxe4 d4 26. Rc2 Rf8 27.
g3 Bb4 28. Re2 Ba5 29. Kg2 Rf6 30. h3 Ke7 31. Rc2 Rb6 32. Rd3 Bd2 33. Rcxd2
exd2 34. Rxd2 Rxb3 35. Rc2 Kd6 36. Rf2 a5 37. g4 Ke6 38. g5 Re3 39. g6 d3 40.
h4 Re2 0-1

[Event "27.Schlosspark-Open"]
[Site "Wiesbaden-Biebrich"]
[Date "2015.08.30"]
[Round "6.23"]
[White "Krastev, Alexander"]
[Black "Puschendorf, Steffen"]
[Result "1/2-1/2"]
[WhiteElo "1900"]
[BlackElo "2130"]
[PlyCount "45"]
[EventDate "2015.??.??"]
[WhiteTeam "Biebertaler SF"]
[BlackTeam "ESV Gera"]

1. e4 e6 2. Nf3 d5 3. Nc3 Nf6 4. e5 Nfd7 5. d4 c5 6. dxc5 Nc6 7. Bf4 Bxc5 8.
Bd3 a6 9. O-O f6 10. exf6 Nxf6 11. Bg3 O-O 12. Re1 Bd6 13. a3 Bxg3 14. hxg3 Qd6
15. Qe2 Bd7 16. Rad1 Rae8 17. Ne5 Nxe5 18. Qxe5 Qc5 19. Rd2 h6 20. Ne4 Nxe4 21.
Bxe4 Rf6 22. Bf3 Ref8 23. Qe3 1/2-1/2

[Event "27.Schlosspark-Open"]
[Site "Wiesbaden-Biebrich"]
[Date "2015.08.30"]
[Round "6.24"]
[White "Schmidt, Volker"]
[Black "Busche, Stefan"]
[Result "0-1"]
[WhiteElo "1892"]
[BlackElo "2117"]
[PlyCount "112"]
[EventDate "2015.??.??"]
[WhiteTeam "TuS Dotzheim"]
[BlackTeam "SVG Saarbrücken"]

1. c4 Nf6 2. g3 c6 3. Bg2 d5 4. cxd5 cxd5 5. d4 Nc6 6. Nc3 Bf5 7. Nf3 e6 8. O-O
Bd6 9. Nh4 Bg4 10. Nb5 Bb8 11. Nf3 Qb6 12. Qa4 a6 13. Nc3 Bxf3 14. Bxf3 Qxd4
15. Be3 Qxa4 16. Nxa4 Nd7 17. Rac1 O-O 18. Bc5 Rc8 19. Bb6 Bd6 20. Bg2 Ne7 21.
Rcd1 Rc4 22. b3 Rxa4 23. bxa4 Nxb6 24. Rb1 Nxa4 25. Rxb7 Nc3 26. e3 Ng6 27. Rd7
Bf8 28. Re1 Ne5 29. Rc7 Nxa2 30. Rd1 Bd6 31. Rb7 Nc3 32. Ra1 Nc4 33. Bf1 a5 34.
Rd7 Bb4 35. Rb7 Rc8 36. Kg2 g6 37. Bd3 Nd6 38. Rd7 Nce4 39. Ra2 Nc5 40. Rxd6
Nxd3 41. Rb6 g5 42. g4 Rc1 43. Rb7 Rc4 44. h3 Rc1 45. Rb5 Ne5 46. f4 Nc4 47.
Kf3 Rc3 48. Re2 gxf4 49. Kxf4 h6 50. Rb8+ Kg7 51. Rd8 Bd6+ 52. Kf3 a4 53. Ra8
a3 54. h4 Bc5 55. Rc8 Rxe3+ 56. Rxe3 Bxe3 0-1

[Event "27.Schlosspark-Open"]
[Site "Wiesbaden-Biebrich"]
[Date "2015.08.30"]
[Round "6.25"]
[White "Eg, Karlheinz"]
[Black "Frey, Thomas"]
[Result "0-1"]
[WhiteElo "1869"]
[BlackElo "2079"]
[PlyCount "46"]
[EventDate "2015.??.??"]
[WhiteTeam "SV Rüsselsheim"]
[BlackTeam "SV Reutlingen"]

1. e4 e6 2. d4 d5 3. exd5 exd5 4. c4 Nf6 5. Nc3 Be7 6. Bd3 O-O 7. Nge2 c5 8.
O-O cxd4 9. Nxd4 Nc6 10. Nxc6 bxc6 11. Bg5 Be6 12. Re1 h6 13. Bh4 Qb6 14. Qf3
Qd4 15. Bxf6 Bxf6 16. Nb5 Qxb2 17. Rab1 Qxa2 18. Rxe6 fxe6 19. Qg4 e5 20. Bf5
Bg5 21. Nc3 Qxc4 22. Be6+ Kh8 23. Qh3 Qh4 0-1

[Event "27.Schlosspark-Open"]
[Site "Wiesbaden-Biebrich"]
[Date "2015.08.30"]
[Round "6.26"]
[White "Werner, Dimo"]
[Black "Körbel, Ekkehard"]
[Result "1/2-1/2"]
[WhiteElo "2063"]
[BlackElo "1871"]
[PlyCount "29"]
[EventDate "2015.??.??"]
[WhiteTeam "TSV Schott Mainz"]
[BlackTeam "SK Geisenheim"]

1. d4 f5 2. Nf3 Nf6 3. g3 e6 4. Bg2 d5 5. O-O Bd6 6. b3 Qe7 7. c4 c6 8. Bf4
Bxf4 9. gxf4 O-O 10. e3 Bd7 11. Nbd2 Ne4 12. Ne5 Be8 13. Nxe4 dxe4 14. f3 exf3
15. Bxf3 1/2-1/2

[Event "27.Schlosspark-Open"]
[Site "Wiesbaden-Biebrich"]
[Date "2015.08.30"]
[Round "6.27"]
[White "Bolduan, Michael"]
[Black "Berberich, Christoph"]
[Result "0-1"]
[WhiteElo "1867"]
[BlackElo "2059"]
[PlyCount "74"]
[EventDate "2015.??.??"]
[WhiteTeam "SC Taunusstein"]
[BlackTeam "SF Zähringen"]

1. e4 c5 2. Nf3 Nc6 3. d3 g6 4. g3 Bg7 5. Bg2 e6 6. O-O Nge7 7. Re1 d6 8. Nbd2
Qc7 9. Qe2 O-O 10. c3 b6 11. Nf1 a5 12. h4 Ba6 13. h5 Ne5 14. Nxe5 dxe5 15. Be3
Rad8 16. Red1 Rd7 17. hxg6 hxg6 18. Nh2 f5 19. Bg5 Nc6 20. exf5 exf5 21. Qf3
Nd8 22. Qe3 Ne6 23. Nf3 f4 24. gxf4 Nxf4 25. Bxf4 Rxf4 26. Ng5 Rg4 27. Kf1 Bh6
28. Ne6 Bxe3 29. Nxc7 Rxc7 30. Bd5+ Kf8 31. fxe3 Rh7 32. Ke2 e4 33. Rf1+ Ke7
34. c4 Rh2+ 35. Rf2 exd3+ 36. Ke1 Rg1+ 37. Rf1 Re2+ 0-1